000 00726nam a22002417a 4500
005 20230628143904.0
008 230628b ||||| |||| 00| 0 eng d
040 _cAL
041 _aEnglish
082 _223
_a200
_bHITG
100 _aChristopher Hitchens
_9125008
245 _aGod is Not Great: How Religion Poisons Everything
260 _aNew York
_bTwelve
_c2007
300 _a377 p.
_bPB
_c17x10 cm.
650 _aReligion
_9125009
650 _aReligion and civilization
_9125010
650 _aReligion and politics
_9125011
650 _aReligion and social problems
_9125012
650 _aGod
_9125013
650 _aReligion and culture
_9125014
700 _aHITCHENS (Christopher)
_9125015
942 _2ddc
_cDB
999 _c227701
_d227701